000 01194nam a2200349Ia 4500
001 57506
003 CO-BoRNBP
005 20250704151159.0
007 ta
008 170628s2012 ck a g 000 0 s
020 _a9789583015335
040 _aCO-BoRNBP
_bspa
_erda
_cCO-BoRNBP
041 _aspa
082 0 4 _a533.6078
_bH28a
100 _aHewitt, Sally
_935276
245 1 0 _aAire
_cSally Hewitt ; ilustraciones Catherine Ward y Ian Thompson ; traducción Diana Esperanza Gómez
250 _a1a. edición
264 1 _aBogotá
_bPanamericana
_c2012
300 _a48 páginas
_bilustraciones
_c27 cm
336 _atexto
_btxt
_2rdacontent
337 _asin mediación
_bn
_2rdamedia
338 _avolumen
_bnc
_2rdacarrier
490 0 _aProyectos fascinantes
521 _aDesde los 9 años
650 0 7 _aAire
_xEnseñanza elemental
_2LEMB
_960877
650 0 0 _aExperimentos
_vManuales
_xEnseñanza elemental
_2LEMB
_960878
650 0 0 _aExperimentos Quimicos
_2LEMB
_960879
650 0 7 _aQuímica
_xEnseñanza elemental
_2LEMB
_960880
700 _aWard, Catherine Thompson, Ian
_eilustradora
_960881
700 _aGómez Rodríguez, Diana Esperanza
_etraductora
_960882
942 _2ddc
_cBK
999 _c57506
_d57506